000 00558nam a2200169Ia 4500
008 130318s9999 xx 000 0 und d
020 _a70583951
082 _a658.4 RAS/M
100 _aRasiel, Ethan M
245 _aMcKinsey Mind: Understanding and implementing the problem solving and management techniques of the world's top strategic consulting firm
260 _bTata McGraw Hill
_aSan Francisco
_c2003
300 _a218
650 _aBUSINESS CONSULTANTS
650 _aINDUSTRIAL MANAGEMENT
650 _aMCKINSEY AND COMPANY
700 _aFriga, Paul N
999 _c738
_d738